Every NFL Teams GOAT Offensive Linemen - Statistics

General Stats
  • This quiz has been taken 42 times
    33 since last reset
  • The average score is 11 of 32
Answer Stats
Team Pos. Player % Correct
CIN OT Anthony Munoz
79%
DAL IOL Larry Allen
75%
BAL OT Jonathan Ogden
64%
TEN IOL Bruce Matthews
61%
HOU OT Duane Brown
57%
CLE OT Joe Thomas
57%
NEP OT John Hannah
57%
SEA OT Walter Jones
57%
LVR C Jim Otto
50%
PIT C Mike Webster
50%
GBP OT Forrest Gregg
46%
LAR OT Jackie Slater
46%
MIN IOL Randall McDaniel
43%
MIA C Dwight Stephenson
39%
NOS OT Willie Roaf
39%
JAX OT Tony Boselli
32%
ARI OT Dan Dierdorf
29%
PHI OT Jason Peters
25%
NYG C Mel Hein
25%
KAN IOL Will Shields
25%
DEN OT Gary Zimmerman
21%
IND IOL Jim Parker
21%
NYJ OT D'Brickashaw Ferguson
18%
DET IOL Harley Sewell
11%
WAS OT Jim Lachey
11%
SFF OT Bob St. Clair
7%
CHI IOL Dan Fortmann
7%
TBB IOL Ali Marpet
4%
ATL LG Bill Fralic
4%
CAR IOL Kevin Donnalley
4%
LAC OT Russ Washington
4%
BUF OT Stew Barber
4%
No matching quizzes found
Score Distribution
Percent of People with Each Score
Percentile by Number Answered
Your Score History
You have not taken this quiz since the last reset